Migración de una red X.25 a Frame Relay
Aborda el protocolo de comunicación X.25 usando actualmente en la red de datos Nicapac, así mismo propone un nuevo protocolo de comunicación, más veloz que permite más confiabilidad a los clientes de la empresa como es Frame Relay, para sustituir gradualmente el protocolo de comunicación X.25...
| Main Author: | |
|---|---|
| Other Authors: | |
| Format: | Tesis Section = Libro |
| Language: | Undetermined Spanish |
| Published: |
Managua
UNI
1998
|
| Subjects: |
| LEADER | 01319nam a2200229Ia 4500 | ||
|---|---|---|---|
| 008 | 240830s9999 xx 000 0 und d | ||
| 040 | |a BIBLIOTECA-RUSB/ Mon 001.64404 B732 | ||
| 041 | |a spa | ||
| 082 | |a Mon 001.64404 B732 | ||
| 100 | 1 | |a Borge Porras, Claudia | |
| 245 | 1 | 0 | |a Migración de una red X.25 a Frame Relay |
| 260 | |a Managua |b UNI |c 1998 | ||
| 300 | |a 120 p. :il. | ||
| 502 | |a Tesis (Ingeniero en Computación) - UNI, 1998. | ||
| 520 | 3 | |a Aborda el protocolo de comunicación X.25 usando actualmente en la red de datos Nicapac, así mismo propone un nuevo protocolo de comunicación, más veloz que permite más confiabilidad a los clientes de la empresa como es Frame Relay, para sustituir gradualmente el protocolo de comunicación X.25 y brindar una nueva tecnología a la banca privada del país quienes son los principales clientes de la red de datos. Expone: Introducción al cambio de paquetes, principios de transmisión de paquetes, conceptos de diseño de red, X.25, frame relay, mantenimiento del tráfico en una red FR, caso práctico, conclusiones, recomendaciones. | |
| 650 | 7 | |a SISTEMAS DE REDES | |
| 650 | 7 | |b COMUNICACIÓN - SISTEMAS | |
| 650 | 7 | |c SISTEMAS DE TRANSMISIÓN DE DATOS | |
| 700 | 1 | |a Tutor: |b Mena, Josefa Yadira | |
| 942 | |c BK |2 ddc | ||
| 991 | |a TESIS | ||
| 999 | |c 19565 | ||